000 00426nam a22001697a 4500
005 20160527114732.0
008 160527b xxu||||| |||| 00| 0 eng d
020 _a0333-93342-7
041 _aeng
082 _b5486
100 _aRaghuram, G & Rangaraj, N
_91374
245 _aLogistics and Supply Chain Mgt.
260 _aNew Delhi
_bAcademic Faundation
_c2000
300 _a409
650 _aManagement
_9241
942 _cBK
999 _c1950
_d1949